000 00737nas a2200253 4500
001 BR2012002283
003 BR-BrBNA
005 20231205120355.0
007 ta
008 230509b bl.|||p| |||| 00| 00por d
040 _aBR-BrBNA
_bpor
_cBiblioteca Nacional de Agricultura
041 _a(Pt)
072 _aF50
100 1 _aMauri, R.
100 1 _aOliveira, J.T. da S.
245 1 _aAnatomia comparada de três espécies do gênero Vochysia
650 _aMADEIRA
650 _aANATOMIA VEGETAL
650 _aXILEMA
650 _aVOCHYSIACEAE
773 0 _tFloresta e Ambiente (Brazil)
_xISSN 1415-0980
_g(Jan-Mar 2011), v. 18(1) p. 69-79
_wBR2012002283
909 _a202311
_bLúcia
_c55
_dLúcia Elande
942 _2AGRIS
_n0
_cANA
999 _c218188
_d218188